| 000 | 00530nam a2200217 a 4500 | ||
|---|---|---|---|
| 999 |
_c4650 _d4650 |
||
| 001 | 4650 | ||
| 003 | BD-JhCC | ||
| 005 | 20171130100254.0 | ||
| 008 | 171129s1960 i ||||| ||a| 000 0 eng d | ||
| 035 | _a(BD-JhCC) 4650 | ||
| 040 |
_aBD-JhCC _dBD-JhCC |
||
| 041 | _aeng | ||
| 082 |
_a509.47 _bBAR 1960 |
||
| 100 | _aBarnier, Soviet | ||
| 245 |
_aSecrets of soviet science / _cSoviet Barnier |
||
| 260 |
_aIndia : _bRupa & Co , _c1960 |
||
| 300 |
_a204 p .: _c18 cm . |
||
| 650 | _aScience | ||
| 942 |
_2ddc _cBK |
||